| 000 | 01308nam0a22002771 4500 | ||
|---|---|---|---|
| 001 | rc\2928702 | ||
| 005 | 20240124144047.0 | ||
| 035 | _a(NLR Aleph) 007078321 | ||
| 090 |
_a6450963 _c6450963 |
||
| 100 | _a20090427d1937 |||y0rusy50 ca | ||
| 101 | 0 | _achi | |
| 102 | _aRU | ||
| 105 | _ay z ||||y | ||
| 200 | 1 |
_aСборник важнейших постановлений и директивных материалов по труду и соцстраху в лесной промышленности _fСост. И.В. Бухаров, Е.Л. Зеленская, М.М. Савинков _gЦентр. ком-т Союза рабочих леса и сплава Центра и Юга |
|
| 210 |
_aМосква _cЦК Союза леса и сплава Центра и Юга _d1937 _gтип. "Рабочая Москва" |
||
| 215 |
_aОбл., 460 с. _d19х15 см |
||
| 700 | 1 |
_aБухаров _bИ. В. |
|
| 701 | 1 |
_aЗеленская _bЕ. Л. |
|
| 701 | 1 |
_aСавинков _bМ. М. |
|
| 712 | 0 | 2 |
_aСоюз рабочих леса и сплава центральных и южных районов СССР _bЦентральный комитет _4570 |
| 801 | 0 |
_aRU _bNLR _gpsbo |
|
| 801 | 1 |
_aRU _bELAR _2rusmarc |
|
| 852 |
_aNLR _bС687-120/С-23 |
||
| 942 | _cBOOK | ||
| 980 | _aNB | ||